000 00364nam a2200133 i 4500
001 bg
100 1 _aROHLEDER, Józef W.
245 0 _aFizyka chemiczna kryształów molekularnych :
_bwybrane zagadnienia /
_cJózef W. Rohleder.
260 _aWarszawa :
_bPWN,
_c1989.
040 _cBPK
041 _apol
942 _cKS
008 s pl f |000 0 pol
999 _c28941
_d28941
856 _uhttp://koha.tu.koszalin.pl/cgi-bin/koha/opac-detail.pl?biblionumber=28941
_yKatalog online BPK